00409 a2200145 450000500170000000800410001702000180005808200150007610000160009124500270010725000110013426000360014530000130018150000690019420240731130829.0240731b |||||||| |||| 00| 0 eng d a9780155046467 a720.28/ARN aArntson A E aGraphics Design Basics a4th Ed bThomson Wadsworthc2003aCanada a239pbPB aPrinciples & Practices What is Graphic Design The Design Process